| 000 | 00851nam a22002297a 4500 | ||
|---|---|---|---|
| 005 | 20241108152031.0 | ||
| 010 | _aENG-142606 | ||
| 020 |
_a9788181770862 _c325.00 |
||
| 035 | _aEN-126138 | ||
| 037 | _bDBAD | ||
| 082 |
_a954.54 _21 |
||
| 245 |
_aBibliography and Abstracts of Papers in Flora of Odisha/ _cCompiled by Soumen Gantait,...[et.al] |
||
| 250 | _a1 | ||
| 260 |
_aHowrah, Kolkata _bBotanical Survey of India |
||
| 270 |
_aMinistry of Environment ,Forest & Climate Change, Govt. of India,3rd MSO Building, CGO Complex _bHowrah,Kolkata _e711103 |
||
| 300 |
_a385p. _c24cm.(pb) _bill. |
||
| 700 |
_aGantait, Soumen _eCompiled _973809 |
||
| 700 |
_aArisdason, W. _eCompiled _973810 |
||
| 700 |
_aV. Sampath Kumar _eCompiled _973811 |
||
| 700 |
_aBandyopadhyay, Subir _eCompiled _973812 |
||
| 942 |
_2ddc _cEN _mBIB _h954.54 |
||
| 999 |
_c206942 _d206942 |
||